[Event "Match Sweden vs Denmark"]
[Site "Online"]
[Date "2020.12.08"]
[Round "4.3"]
[White "Thybo, Jesper Sondergaard"]
[Black "Johansson, Linus"]
[Result "1-0"]
[WhiteElo "2565"]
[BlackElo "2486"]
[Annotator "RC"]
[PlyCount "169"]
[EventDate "2020.12.11"]
[EventType "team-tourn"]
[EventCountry "NET"]
[SourceTitle "playchess.com"]
[Source "ChessBase"]
[SourceQuality "1"]
[TimeControl "600+5"]

1. d4 {[%emt 0:00:00]} Nf6 {[%emt 0:00:00]} 2. c4 {[%emt 0:00:00]} e6 {[%emt 0:00:04]} 3. g3 {[%emt 0:00:00]} d5 {[%emt 0:00:01]} 4. Bg2 {[%emt 0:00:04]} Be7 {[%emt 0:00:00]} 5. Nf3 {[%emt 0:00:01]} O-O {[%emt 0:00:01]} 6. O-O {[%emt 0:00:08]} dxc4 {[%emt 0:00:01]} 7. Qc2 {[%emt 0:00:01]} c6 {[%emt 0:00:00]} 8. Qxc4 {[%emt 0:00:08]} b5 {[%emt 0:00:01]} 9. Qb3 {[%emt 0:00:25]} Bb7 {[%emt 0:00:16]} 10. Bg5 {[%emt 0:00:12]} Nbd7 {[%emt 0:00:06]} 11. Nbd2 {[%emt 0:00:13]} a6 {[%emt 0:00:43]} 12. Rac1 {[%emt 0:01:27]} c5 {[%emt 0:02:14]} 13. Bxf6 {[%emt 0:00:11]} gxf6 {[%emt 0:00:00]} 14. dxc5 {[%emt 0:00:14]} Nxc5 {[%emt 0:02:04]} 15. Qe3 {[%emt 0:00:06]} Qb6 {[%emt 0:00:21]} 16. b4 {[%emt 0:03:29]} Na4 {[%emt 0:00:02]} 17. Qxb6 {[%emt 0:00:02]} Nxb6 {[%emt 0:00:00]} 18. Rc7 {[%emt 0:00:02]} Bxf3 {[%emt 0:00:09]} 19. Bxf3 {[%emt 0:00:07]} Bd8 {[%emt 0:00:04]} 20. Rc6 {[%emt 0:00:10]} a5 {[%emt 0:00:31]} 21. Rc5 {[%emt 0:00:53]} Ra7 {[%emt 0:00:21]} 22. a3 {[%emt 0:00:01]} axb4 {[%emt 0:00:09]} 23. axb4 {[%emt 0:00:01]} Ra2 {[%emt 0:01:03]} 24. Ne4 {[%emt 0:00:15]} Rb2 {[%emt 0:00:13]} 25. Rxb5 {[%emt 0:00:25]} Nd5 {[%emt 0:00:02]} 26. Nc5 {[%emt 0:00:32]} Rxb4 {[%emt 0:00:27]} 27. Rxb4 {[%emt 0:00:04]} Nxb4 {[%emt 0:00:00]} 28. Nd7 {[%emt 0:00:18]} Re8 {[%emt 0:00:05]} 29. Rb1 {[%emt 0:00:01]} Be7 {[%emt 0:00:17]} 30. Nxf6+ {[%emt 0:00:14]} Bxf6 {[%emt 0:00:00]} 31. Rxb4 {[%emt 0:00:01]} Kg7 {[%emt 0:00:01]} 32. Kg2 {[%emt 0:00:01]} h6 {[%emt 0:00:01]} 33. h4 {[%emt 0:00:07]} Re7 {[%emt 0:00:02]} 34. Bh5 {[%emt 0:00:05]} Rc7 {[%emt 0:00:05]} 35. Ra4 {[%emt 0:00:22]} Rc5 {[%emt 0:00:10]} 36. Bf3 {[%emt 0:00:09]} Rc7 {[%emt 0:00:01]} 37. Be4 {[%emt 0:00:02]} Be7 {[%emt 0:00:04]} 38. Bd3 {[%emt 0:00:03]} Rd7 {[%emt 0:00:03]} 39. Rg4+ {[%emt 0:00:02]} Kf8 {[%emt 0:00:14]} 40. Rc4 {[%emt 0:00:02]} Kg7 {[%emt 0:00:06]} 41. Kh3 {[%emt 0:00:05]} Bf6 {[%emt 0:00:14]} 42. f4 {[%emt 0:00:12]} Ra7 {[%emt 0:00:10]} 43. Rc5 {[%emt 0:00:07]} Be7 {[%emt 0:00:02]} 44. Rb5 {[%emt 0:00:02]} Bf6 {[%emt 0:00:02]} 45. Kg4 {[%emt 0:00:31]} Bd8 {[%emt 0:00:06]} 46. Kf3 {[%emt 0:00:09]} Be7 {[%emt 0:00:02]} 47. Rb8 {[%emt 0:00:20]} Rc7 {[%emt 0:00:07]} 48. Ra8 {[%emt 0:00:01]} Rb7 {[%emt 0:00:03]} 49. Kg4 {[%emt 0:00:05]} Rc7 {[%emt 0:00:02]} 50. Kh3 {[%emt 0:00:02]} Bd6 {[%emt 0:00:04]} 51. Ra6 {[%emt 0:00:04]} Be7 {[%emt 0:00:15]} 52. g4 {[%emt 0:00:03]} Rc1 {[%emt 0:01:35]} 53. g5 {[%emt 0:00:46]} Rh1+ {[%emt 0:00:39]} 54. Kg3 {[%emt 0:00:01]} Rg1+ {[%emt 0:00:01]} 55. Kf3 {[%emt 0:00:03]} Rf1+ {[%emt 0:00:13]} 56. Ke4 {[%emt 0:00:13]} Rh1 {[%emt 0:00:26]} 57. Ra7 {[%emt 0:00:05]} Bf8 {[%emt 0:00:22]} 58. gxh6+ {[%emt 0:00:12]} Kf6 {[%emt 0:00:02]} 59. h7 {[%emt 0:00:31]} Rxh4 {[%emt 0:00:02]} 60. Ra8 {[%emt 0:00:09]} Kg7 {[%emt 0:00:14]} 61. Kf3 {[%emt 0:00:05]} f5 {[%emt 0:00:05]} 62. Ra6 {[%emt 0:00:17]} Rh3+ {[%emt 0:00:05]} 63. Kg2 {[%emt 0:00:05]} Rh6 {[%emt 0:00:01]} 64. Bxf5 {[%emt 0:00:10]} Kh8 {[%emt 0:00:13]} 65. Bd3 {[%emt 0:00:04]} Rf6 {[%emt 0:00:01]} 66. Kf3 {[%emt 0:00:08]} Bh6 {[%emt 0:00:02]} 67. e3 {[%emt 0:00:05]} Bf8 {[%emt 0:00:02]} 68. Kg4 {[%emt 0:00:04]} Bh6 {[%emt 0:00:03]} 69. Ra8+ {[%emt 0:00:03]} Rf8 {[%emt 0:00:06]} 70. Ra6 {[%emt 0:00:05]} Rf6 {[%emt 0:00:09]} 71. Kf3 {[%emt 0:00:09]} Bf8 {[%emt 0:00:02]} 72. Be4 {[%emt 0:00:04]} Bg7 {[%emt 0:00:07]} 73. Kg4 {[%emt 0:00:05]} e5 {[%emt 0:00:15]} 74. Ra8+ {[%emt 0:00:19]} Rf8 {[%emt 0:00:07]} 75. Rxf8+ {[%emt 0:00:02]} Bxf8 {[%emt 0:00:00]} 76. fxe5 {[%emt 0:00:01]} Kg7 {[%emt 0:00:01]} 77. Bf5 {[%emt 0:00:13]} Bc5 {[%emt 0:00:01]} 78. Kf4 {[%emt 0:00:01]} Ba3 {[%emt 0:00:02]} 79. Ke4 {[%emt 0:00:01]} Bb2 {[%emt 0:00:01]} 80. Kd5 {[%emt 0:00:01]} Bc1 {[%emt 0:00:00]} 81. e4 {[%emt 0:00:02]} Bb2 {[%emt 0:00:01]} 82. e6 {[%emt 0:00:01]} Kf8 {[%emt 0:00:02]} 83. Kd6 {[%emt 0:00:01]} Bf6 {[%emt 0:00:06]} 84. Kd7 {[%emt 0:00:03]} Kg7 {[%emt 0:00:09]} 85. e7 {[%emt 0:00:03]} 1-0

[Event "Match Sweden vs Denmark"]
[Site "Online"]
[Date "2020.12.08"]
[Round "4.4"]
[White "Pantzar, Milton"]
[Black "Andersen, Mads"]
[Result "0-1"]
[WhiteElo "2421"]
[BlackElo "2579"]
[Annotator "TA"]
[PlyCount "76"]
[EventDate "2020.12.11"]
[EventType "team-tourn"]
[EventCountry "NET"]
[SourceTitle "playchess.com"]
[Source "ChessBase"]
[SourceQuality "1"]

{[%evp 10,76,8,0,0,0,2,-30,-38,-41,-28,-39,-40,-189,-207,-201,-84,-66,-70,-77,-70,-77,-86,-127,-116,-100,-92,-110,-129,-130,-118,-122,-121,-111,-96,-113,-110,-124,-127,-148,-94,-128,-91,-88,-84,-75,-48,-106,-49,-72,-49,-140,-45,-244,-228,-252,-249,-286,-291,-360,-364,-798,-368,-359,-379,-372,-364,-749,-726]} 1. d4 d5 2. c4 c6 3. Nc3 Nf6 4. e3 e6 5. b3 Bb4 6. Bb2 Ne4 {D31: Queen's Gambit Declined: Semi-Slav without ...Nf6 (+ Marshall Gambit and Noteboom) and Exchange Variation lines without ...Nf6.} 7. Qc2 {[#]} e5 $1 {[%mdl 512]} 8. dxe5 {[#]} d4 $146 {Black has an edge.} (8... Bf5 $5 9. Bd3 $8 Na6 $15) ({Predecessor:} 8... Qa5 9. Rc1 Qxa2 10. Nf3 Bf5 11. Bd3 dxc4 12. Bxc4 g6 13. g4 Bxc3+ 14. Bxc3 Qxc2 15. Rxc2 Bxg4 {½-½ (43) Vasquez,G (2190)-Quattrocchi,G (2394) ICCF email 1998}) 9. exd4 Qxd4 {[%cal Re4c3][%mdl 64] Double Attack} 10. Rc1 Qxe5 11. Be2 ({Better is} 11. Qe2 $15 Nd7 12. a3 Bxc3+ 13. Bxc3 Nxc3 14. Rxc3) 11... Bf5 $1 $19 12. Nf3 {[#]} Qe7 (12... Nxc3 $1 $19 {and Black stays clearly on top.} 13. Nxe5 Bxc2 14. Rxc2 Na4+ 15. Kf1 Nxb2) 13. Qd1 $17 O-O {Threatens to win with ...Rd8.} 14. O-O Rd8 15. Qe1 Na6 16. a3 Bxa3 17. Bxa3 Qxa3 18. Nxe4 Bxe4 19. Rc3 {[%cal Bc1c3,Bc3e3,Be3e7][%mdl 32]} Qb4 20. Re3 Qxe1 21. Rxe1 Bg6 22. Re7 Rab8 23. h4 Kf8 24. Bf1 Re8 (24... Nc5 $142 {White must now prevent ...Ne6.} 25. R7e3 a5) 25. Rxe8+ Rxe8 26. Ra1 Ra8 27. g4 Nb4 28. h5 {[#]} (28. Ne5 $15) 28... Be4 (28... Bc2 $1 $17 29. Ne1 a5 30. Nxc2 Nxc2) 29. Ne5 $15 Bc2 30. f4 (30. Nd7+ $15 Ke7 31. Nb6) 30... f6 ({And not} 30... Bxb3 31. Rb1 $16) ({Black should try} 30... a6 $17 31. Nd7+ Ke7) 31. Nf3 $2 (31. Nd7+ $15 Ke7 32. Nb6) 31... c5 $19 ({Not} 31... Bxb3 32. Rb1 $14) 32. Ra3 a5 33. Kf2 b6 34. Nd2 Rd8 35. Ke3 $2 (35. Nf3) 35... Bd3 (35... Bd1 $142 {Strongly threatening ...Nc2+.} 36. Nb1 Nc2+ {[%mdl 64] Double Attack} 37. Kf2 Nxa3 {[%mdl 64] Discovered Attack} 38. Nxa3 Bxg4) 36. Bxd3 Rxd3+ 37. Ke2 Rg3 38. Ra1 $2 (38. Ne4 Rxg4 39. Kf3) 38... Rg2+ {Weighted Error Value: White=0.56/Black=0.35} 0-1

[Event "Match Sweden vs Denmark"]
[Site "Online"]
[Date "2020.12.08"]
[Round "5.1"]
[White "Grandelius, Nils"]
[Black "Ochsner, Bjorn Moller"]
[Result "1-0"]
[WhiteElo "2663"]
[BlackElo "2505"]
[Annotator "RC"]
[PlyCount "77"]
[EventDate "2020.12.11"]
[EventType "team-tourn"]
[EventCountry "NET"]
[SourceTitle "playchess.com"]
[Source "ChessBase"]
[SourceQuality "1"]
[TimeControl "600+5"]

1. e4 {[%emt 0:00:00]} e5 {[%emt 0:00:00]} 2. Nf3 {[%emt 0:00:00]} Nc6 {[%emt 0:00:00]} 3. d4 {[%emt 0:00:12]} exd4 {[%emt 0:00:00]} 4. Bc4 {[%emt 0:00:00]} Bc5 {[%emt 0:00:45]} 5. c3 {[%emt 0:00:05]} Nf6 {[%emt 0:02:21]} 6. e5 {[%emt 0:00:07]} d5 {[%emt 0:00:13]} 7. Bb5 {[%emt 0:00:18]} Ne4 {[%emt 0:00:03]} 8. cxd4 {[%emt 0:00:04]} Bb6 {[%emt 0:00:05]} 9. Nc3 {[%emt 0:00:15]} Bg4 {[%emt 0:00:12]} 10. Be3 {[%emt 0:00:06]} O-O {[%emt 0:00:21]} 11. h3 {[%emt 0:00:03]} Bh5 {[%emt 0:00:06]} 12. Qc2 {[%emt 0:00:03]} Ba5 {[%emt 0:00:10]} 13. O-O {[%emt 0:00:28]} Bxf3 {[%emt 0:00:39]} 14. gxf3 {[%emt 0:00:00]} Ng5 {[%emt 0:00:10]} 15. Kg2 {[%emt 0:01:55]} Ne6 {[%emt 0:00:25]} 16. Bxc6 {[%emt 0:00:18]} bxc6 {[%emt 0:00:04]} 17. Ne2 {[%emt 0:00:01]} Rb8 {[%emt 0:01:26]} 18. a3 {[%emt 0:00:52]} Qd7 {[%emt 0:00:20]} 19. b4 {[%emt 0:00:34]} Bb6 {[%emt 0:00:02]} 20. Rac1 {[%emt 0:00:06]} Nd8 {[%emt 0:00:17]} 21. f4 {[%emt 0:00:18]} f5 {[%emt 0:00:14]} 22. Qa4 {[%emt 0:03:21]} Ra8 {[%emt 0:00:27]} 23. Qa6 {[%emt 0:00:06]} Qc8 {[%emt 0:00:42]} 24. Qd3 {[%emt 0:00:55]} Qd7 {[%emt 0:00:03]} 25. Qa6 {[%emt 0:01:28]} Qc8 {[%emt 0:00:04]} 26. Qxc8 {[%emt 0:00:07]} Rxc8 {[%emt 0:00:01]} 27. Rfd1 {[%emt 0:00:02]} a5 {[%emt 0:00:11]} 28. b5 {[%emt 0:00:11]} cxb5 {[%emt 0:01:55]} 29. Nc3 {[%emt 0:00:01]} Ne6 {[%emt 0:00:57]} 30. Nxd5 {[%emt 0:00:02]} Kf7 {[%emt 0:00:03]} 31. Nxb6 {[%emt 0:00:12]} cxb6 {[%emt 0:00:01]} 32. d5 {[%emt 0:00:01]} Nc5 {[%emt 0:00:05]} 33. Rb1 {[%emt 0:00:01]} Na4 {[%emt 0:00:11]} 34. Bd4 {[%emt 0:00:18]} Nc3 {[%emt 0:00:10]} 35. Bxc3 {[%emt 0:00:00]} Rxc3 {[%emt 0:00:01]} 36. Rxb5 {[%emt 0:00:00]} Rxa3 {[%emt 0:00:05]} 37. Rxb6 {[%emt 0:00:01]} Rd8 {[%emt 0:00:07]} 38. Rb7+ {[%emt 0:00:02]} Kf8 {[%emt 0:00:14]} 39. e6 {[%emt 0:00:04]} 1-0

[Event "Match Sweden vs Denmark"]
[Site "Online"]
[Date "2020.12.08"]
[Round "5.2"]
[White "Thybo, Jesper Sondergaard"]
[Black "Hillarp Persson, Tiger"]
[Result "1-0"]
[WhiteElo "2565"]
[BlackElo "2543"]
[Annotator "RC"]
[PlyCount "55"]
[EventDate "2020.12.11"]
[EventType "team-tourn"]
[EventCountry "NET"]
[SourceTitle "playchess.com"]
[Source "ChessBase"]
[SourceQuality "1"]
[TimeControl "600+5"]

1. d4 {[%emt 0:00:00]} e6 {[%emt 0:00:00]} 2. c4 {[%emt 0:00:03]} c5 {[%emt 0:00:00]} 3. d5 {[%emt 0:00:05]} exd5 {[%emt 0:00:00]} 4. cxd5 {[%emt 0:00:01]} d6 {[%emt 0:00:00]} 5. Nc3 {[%emt 0:00:02]} g6 {[%emt 0:00:00]} 6. e4 {[%emt 0:00:17]} Bg7 {[%emt 0:00:01]} 7. Nf3 {[%emt 0:00:22]} a6 {[%emt 0:00:02]} 8. Be2 {[%emt 0:00:30]} b5 {[%emt 0:00:08]} 9. O-O {[%emt 0:00:03]} Nf6 {[%emt 0:01:33]} 10. e5 {[%emt 0:00:08]} dxe5 {[%emt 0:00:02]} 11. Nxe5 {[%emt 0:00:02]} O-O {[%emt 0:01:45]} 12. Bf3 {[%emt 0:00:05]} Ra7 {[%emt 0:00:29]} 13. Nc6 {[%emt 0:00:33]} Nxc6 {[%emt 0:00:02]} 14. dxc6 {[%emt 0:00:01]} Qb6 {[%emt 0:00:18]} 15. Be3 {[%emt 0:00:20]} Rc7 {[%emt 0:00:21]} 16. Qd6 {[%emt 0:01:16]} Be6 {[%emt 0:01:48]} 17. Bxc5 {[%emt 0:00:45]} Qb8 {[%emt 0:00:03]} 18. Qg3 {[%emt 0:00:13]} Rfc8 {[%emt 0:00:22]} 19. Bd6 {[%emt 0:00:06]} Qb6 {[%emt 0:00:09]} 20. Bxc7 {[%emt 0:00:16]} Rxc7 {[%emt 0:00:01]} 21. Rad1 {[%emt 0:00:07]} Bf8 {[%emt 0:00:15]} 22. Rd8 {[%emt 0:00:41]} Kg7 {[%emt 0:00:04]} 23. Qe5 {[%emt 0:01:19]} Be7 {[%emt 0:00:03]} 24. Rdd1 {[%emt 0:00:41]} Rxc6 {[%emt 0:00:10]} 25. Bxc6 {[%emt 0:00:05]} Qxc6 {[%emt 0:00:01]} 26. Rfe1 {[%emt 0:00:08]} b4 {[%emt 0:00:12]} 27. Ne4 {[%emt 0:00:06]} a5 {[%emt 0:01:15]} 28. Ng5 {[%emt 0:00:10]} 1-0

[Event "Match Sweden vs Denmark"]
[Site "Online"]
[Date "2020.12.08"]
[Round "5.3"]
[White "Andersen, Mads"]
[Black "Blomqvist, Erik"]
[Result "1-0"]
[WhiteElo "2579"]
[BlackElo "2535"]
[Annotator "RC"]
[PlyCount "71"]
[EventDate "2020.12.11"]
[EventType "team-tourn"]
[EventCountry "NET"]
[SourceTitle "playchess.com"]
[Source "ChessBase"]
[SourceQuality "1"]
[TimeControl "600+5"]

1. d4 {[%emt 0:00:00]} Nf6 {[%emt 0:00:00]} 2. c4 {[%emt 0:00:00]} e6 {[%emt 0:00:05]} 3. Nf3 {[%emt 0:00:00]} Bb4+ {[%emt 0:00:01]} 4. Bd2 {[%emt 0:00:00]} a5 {[%emt 0:00:01]} 5. a3 {[%emt 0:00:13]} Bxd2+ {[%emt 0:00:06]} 6. Qxd2 {[%emt 0:00:00]} b6 {[%emt 0:00:04]} 7. Nc3 {[%emt 0:00:09]} Bb7 {[%emt 0:00:05]} 8. Qc2 {[%emt 0:00:20]} d6 {[%emt 0:00:07]} 9. e4 {[%emt 0:00:36]} Nbd7 {[%emt 0:00:32]} 10. Be2 {[%emt 0:00:29]} e5 {[%emt 0:00:08]} 11. O-O {[%emt 0:00:50]} exd4 {[%emt 0:00:11]} 12. Nxd4 {[%emt 0:00:00]} O-O {[%emt 0:00:05]} 13. b4 {[%emt 0:00:51]} Re8 {[%emt 0:00:04]} 14. f3 {[%emt 0:00:04]} Ne5 {[%emt 0:00:25]} 15. Qd2 {[%emt 0:00:46]} Nc6 {[%emt 0:00:34]} 16. Nc2 {[%emt 0:01:55]} Nd7 {[%emt 0:01:10]} 17. f4 {[%emt 0:00:36]} Nf8 {[%emt 0:00:59]} 18. Bf3 {[%emt 0:00:09]} Ne6 {[%emt 0:00:17]} 19. g3 {[%emt 0:00:21]} h6 {[%emt 0:00:14]} 20. Kg2 {[%emt 0:00:02]} Nb8 {[%emt 0:00:52]} 21. Rad1 {[%emt 0:00:46]} axb4 {[%emt 0:00:01]} 22. axb4 {[%emt 0:00:01]} Nd7 {[%emt 0:01:14]} 23. Ra1 {[%emt 0:00:11]} Rxa1 {[%emt 0:00:51]} 24. Rxa1 {[%emt 0:00:00]} Bc6 {[%emt 0:00:31]} 25. Rd1 {[%emt 0:00:38]} Qa8 {[%emt 0:00:18]} 26. Ra1 {[%emt 0:00:06]} Qb8 {[%emt 0:00:06]} 27. Rd1 {[%emt 0:00:07]} Qa8 {[%emt 0:00:25]} 28. Qd3 {[%emt 0:00:01]} g5 {[%emt 0:00:13]} 29. Qd2 {[%emt 0:00:34]} g4 {[%emt 0:01:41]} 30. Bxg4 {[%emt 0:00:04]} Bxe4+ {[%emt 0:00:00]} 31. Nxe4 {[%emt 0:00:44]} Qxe4+ {[%emt 0:00:00]} 32. Bf3 {[%emt 0:00:01]} Qg6 {[%emt 0:00:32]} 33. Bc6 {[%emt 0:00:53]} Nxf4+ {[%emt 0:00:30]} 34. Kf1 {[%emt 0:00:41]} Re2 {[%emt 0:00:22]} 35. Qxf4 {[%emt 0:00:01]} Qxc2 {[%emt 0:00:09]} 36. Qg4+ {[%emt 0:00:01]} 1-0

[Event "Match Sweden vs Denmark"]
[Site "Online"]
[Date "2020.12.08"]
[Round "5.4"]
[White "Johansson, Linus"]
[Black "Bjerre, Jonas Buhl"]
[Result "0-1"]
[WhiteElo "2486"]
[BlackElo "2551"]
[Annotator "RC"]
[PlyCount "86"]
[EventDate "2020.12.11"]
[EventType "team-tourn"]
[EventCountry "NET"]
[SourceTitle "playchess.com"]
[Source "ChessBase"]
[SourceQuality "1"]
[TimeControl "600+5"]

1. d4 {[%emt 0:00:00]} Nf6 {[%emt 0:00:00]} 2. c4 {[%emt 0:00:00]} e6 {[%emt 0:00:00]} 3. Nc3 {[%emt 0:00:00]} Bb4 {[%emt 0:00:00]} 4. Bd2 {[%emt 0:00:00]} O-O {[%emt 0:00:06]} 5. Rc1 {[%emt 0:00:07]} c5 {[%emt 0:00:41]} 6. d5 {[%emt 0:00:01]} exd5 {[%emt 0:00:09]} 7. cxd5 {[%emt 0:00:00]} d6 {[%emt 0:00:06]} 8. g3 {[%emt 0:00:25]} Re8 {[%emt 0:00:27]} 9. Bg2 {[%emt 0:00:03]} b6 {[%emt 0:00:05]} 10. e3 {[%emt 0:00:08]} Ba6 {[%emt 0:00:13]} 11. a3 {[%emt 0:00:03]} Bxc3 {[%emt 0:00:16]} 12. Bxc3 {[%emt 0:00:00]} Nbd7 {[%emt 0:00:13]} 13. Ne2 {[%emt 0:00:28]} Ne4 {[%emt 0:00:16]} 14. Qa4 {[%emt 0:01:07]} Bd3 {[%emt 0:02:40]} 15. Nf4 {[%emt 0:00:38]} Nxc3 {[%emt 0:00:14]} 16. Rxc3 {[%emt 0:00:06]} b5 {[%emt 0:00:15]} 17. Qa6 {[%emt 0:00:13]} Bc4 {[%emt 0:01:26]} 18. Qxd6 {[%emt 0:00:08]} Nb6 {[%emt 0:00:21]} 19. Qxc5 {[%emt 0:00:37]} Na4 {[%emt 0:00:12]} 20. Qd4 {[%emt 0:00:06]} Nxc3 {[%emt 0:00:07]} 21. Qxc3 {[%emt 0:00:00]} Rc8 {[%emt 0:00:03]} 22. Qd2 {[%emt 0:00:36]} Qe7 {[%emt 0:00:24]} 23. Ne2 {[%emt 0:00:20]} Red8 {[%emt 0:00:39]} 24. O-O {[%emt 0:00:14]} Qe5 {[%emt 0:00:15]} 25. Rd1 {[%emt 0:00:08]} Bb3 {[%emt 0:00:02]} 26. Qd4 {[%emt 0:03:19]} Qxd4 {[%emt 0:00:21]} 27. Rxd4 {[%emt 0:00:00]} Rc2 {[%emt 0:00:05]} 28. Bf3 {[%emt 0:00:02]} Rxb2 {[%emt 0:00:11]} 29. Rb4 {[%emt 0:00:18]} Rb1+ {[%emt 0:00:49]} 30. Kg2 {[%emt 0:00:02]} Ba2 {[%emt 0:00:04]} 31. e4 {[%emt 0:00:53]} Rxb4 {[%emt 0:00:10]} 32. axb4 {[%emt 0:00:00]} f5 {[%emt 0:00:13]} 33. Nc3 {[%emt 0:00:10]} fxe4 {[%emt 0:00:02]} 34. Bxe4 {[%emt 0:00:00]} Bc4 {[%emt 0:00:02]} 35. Kf3 {[%emt 0:00:01]} a5 {[%emt 0:00:18]} 36. bxa5 {[%emt 0:00:02]} b4 {[%emt 0:00:01]} 37. Na4 {[%emt 0:00:27]} Bxd5 {[%emt 0:00:12]} 38. Nb6 {[%emt 0:00:01]} Bxe4+ {[%emt 0:00:10]} 39. Kxe4 {[%emt 0:00:00]} b3 {[%emt 0:00:07]} 40. Nc4 {[%emt 0:00:01]} Rc8 {[%emt 0:00:11]} 41. Nd2 {[%emt 0:00:01]} b2 {[%emt 0:00:07]} 42. a6 {[%emt 0:00:04]} Re8+ {[%emt 0:00:21]} 43. Kf3 {[%emt 0:00:15]} Ra8 {[%emt 0:00:05]} 0-1

[Event "Match Sweden vs Denmark"]
[Site "Online"]
[Date "2020.12.08"]
[Round "6.1"]
[White "Bjerre, Jonas Buhl"]
[Black "Grandelius, Nils"]
[Result "1/2-1/2"]
[WhiteElo "2551"]
[BlackElo "2663"]
[Annotator "TA"]
[PlyCount "43"]
[EventDate "2020.12.11"]
[EventType "team-tourn"]
[EventCountry "NET"]
[SourceTitle "playchess.com"]
[Source "ChessBase"]
[SourceQuality "1"]

{[%evp 9,43,15,27,27,17,25,27,14,13,12,25,20,29,0,0,0,0,0,0,0,0,0,0,0,0,0,0,0,0,0,0,0,0,0,0,0]} 1. d4 d5 2. c4 e6 3. Nf3 a6 4. c5 b6 5. cxb6 c5 6. Qb3 {[#] Black must now prevent b7. D30: Queen's Gambit Declined: Systems without Nc3.} Bd7 7. Nc3 Nf6 8. e4 {[%cal Re4d5] [#] White has an edge.} c4 $146 ({Predecessor:} 8... Nc6 9. b7 Rb8 10. exd5 Nxd4 11. Nxd4 cxd4 12. dxe6 fxe6 13. Bf4 dxc3 14. O-O-O Ne4 {½-½ (38) Ott,P (2321)-Iacomi,S (2307) ICCF email 2019}) 9. Qc2 Nxe4 10. Nxe4 dxe4 11. Qxe4 Bc6 {The position is equal.} 12. Qe3 Bxf3 13. Qxf3 Bb4+ 14. Bd2 Bxd2+ 15. Kxd2 Qxb6 16. Qxa8 {Kc2 is the strong threat.} Qxb2+ 17. Ke3 Qc3+ 18. Ke2 ({Not} 18. Ke4 $2 O-O $19) 18... Qd3+ 19. Ke1 Qc3+ {[%mdl 64] [#] Double Attack} 20. Ke2 Qd3+ 21. Ke1 Qc3+ {[%mdl 64] Double Attack} 22. Ke2 {An uneventful encounter.  Weighted Error Value: White=0.00/Black=0.03} 1/2-1/2

[Event "Match Sweden vs Denmark"]
[Site "Online"]
[Date "2020.12.08"]
[Round "6.2"]
[White "Hillarp Persson, Tiger"]
[Black "Andersen, Mads"]
[Result "1-0"]
[WhiteElo "2543"]
[BlackElo "2579"]
[Annotator "RC"]
[PlyCount "63"]
[EventDate "2020.12.11"]
[EventType "team-tourn"]
[EventCountry "NET"]
[SourceTitle "playchess.com"]
[Source "ChessBase"]
[SourceQuality "1"]
[TimeControl "600+5"]

1. Nf3 {[%emt 0:00:00]} d5 {[%emt 0:00:00]} 2. c4 {[%emt 0:00:06]} c6 {[%emt 0:00:00]} 3. e3 {[%emt 0:00:01]} Nf6 {[%emt 0:00:00]} 4. Nc3 {[%emt 0:00:02]} e6 {[%emt 0:00:00]} 5. b3 {[%emt 0:00:01]} Bd6 {[%emt 0:00:00]} 6. Bb2 {[%emt 0:00:01]} O-O {[%emt 0:00:00]} 7. Be2 {[%emt 0:01:18]} b6 {[%emt 0:00:07]} 8. Qc2 {[%emt 0:00:04]} Bb7 {[%emt 0:00:03]} 9. Rg1 {[%emt 0:00:06]} Na6 {[%emt 0:01:39]} 10. g4 {[%emt 0:00:09]} e5 {[%emt 0:00:08]} 11. g5 {[%emt 0:00:08]} Nd7 {[%emt 0:00:01]} 12. cxd5 {[%emt 0:00:14]} cxd5 {[%emt 0:00:07]} 13. Nb5 {[%emt 0:00:13]} Rc8 {[%emt 0:00:55]} 14. Qf5 {[%emt 0:00:11]} g6 {[%emt 0:01:21]} 15. Qh3 {[%emt 0:00:02]} Bb8 {[%emt 0:00:05]} 16. Rg4 {[%emt 0:00:01]} Re8 {[%emt 0:01:05]} 17. Qh6 {[%emt 0:01:50]} Nf8 {[%emt 0:00:12]} 18. h4 {[%emt 0:00:58]} Qd7 {[%emt 0:00:37]} 19. Rg3 {[%emt 0:00:46]} Nb4 {[%emt 0:00:03]} 20. Nh2 {[%emt 0:00:24]} f5 {[%emt 0:02:01]} 21. gxf6 {[%emt 0:00:05]} d4 {[%emt 0:00:51]} 22. h5 {[%emt 0:00:30]} Be4 {[%emt 0:00:18]} 23. hxg6 {[%emt 0:01:18]} Bxg6 {[%emt 0:00:10]} 24. Nf3 {[%emt 0:00:36]} dxe3 {[%emt 0:00:42]} 25. fxe3 {[%emt 0:00:37]} e4 {[%emt 0:00:13]} 26. Rxg6+ {[%emt 0:00:03]} Nxg6 {[%emt 0:00:14]} 27. Ng5 {[%emt 0:00:07]} Rf8 {[%emt 0:00:25]} 28. Bg4 {[%emt 0:00:34]} Bg3+ {[%emt 0:00:15]} 29. Kf1 {[%emt 0:00:02]} Qxb5+ {[%emt 0:00:01]} 30. Kg2 {[%emt 0:00:06]} Rc7 {[%emt 0:00:46]} 31. Be6+ {[%emt 0:00:09]} Rff7 {[%emt 0:00:02]} 32. Qg7# {[%emt 0:00:02]} 1-0

[Event "Match Sweden vs Denmark"]
[Site "Online"]
[Date "2020.12.08"]
[Round "6.3"]
[White "Blomqvist, Erik"]
[Black "Thybo, Jesper Sondergaard"]
[Result "0-1"]
[WhiteElo "2535"]
[BlackElo "2565"]
[Annotator "RC"]
[PlyCount "58"]
[EventDate "2020.12.11"]
[EventType "team-tourn"]
[EventCountry "NET"]
[SourceTitle "playchess.com"]
[Source "ChessBase"]
[SourceQuality "1"]
[TimeControl "600+5"]

1. e4 {[%emt 0:00:00]} c5 {[%emt 0:00:00]} 2. Nf3 {[%emt 0:00:05]} d6 {[%emt 0:00:00]} 3. Nc3 {[%emt 0:00:01]} Nc6 {[%emt 0:00:01]} 4. d4 {[%emt 0:00:08]} cxd4 {[%emt 0:00:02]} 5. Nxd4 {[%emt 0:00:00]} Nf6 {[%emt 0:00:00]} 6. Bg5 {[%emt 0:00:07]} e6 {[%emt 0:00:03]} 7. Qd2 {[%emt 0:00:01]} a6 {[%emt 0:00:03]} 8. O-O-O {[%emt 0:00:04]} Bd7 {[%emt 0:00:02]} 9. f3 {[%emt 0:00:02]} Nxd4 {[%emt 0:00:02]} 10. Qxd4 {[%emt 0:00:01]} Be7 {[%emt 0:00:01]} 11. h4 {[%emt 0:00:09]} Qc7 {[%emt 0:00:42]} 12. Kb1 {[%emt 0:00:02]} b5 {[%emt 0:00:27]} 13. g4 {[%emt 0:00:20]} h5 {[%emt 0:01:23]} 14. gxh5 {[%emt 0:00:14]} Nxh5 {[%emt 0:00:04]} 15. Bh3 {[%emt 0:00:15]} Qc5 {[%emt 0:00:32]} 16. Qd2 {[%emt 0:00:15]} Bxg5 {[%emt 0:01:04]} 17. hxg5 {[%emt 0:00:01]} Ng3 {[%emt 0:00:07]} 18. Rh2 {[%emt 0:00:28]} b4 {[%emt 0:00:01]} 19. Ne2 {[%emt 0:03:57]} Nxe2 {[%emt 0:00:09]} 20. Qxe2 {[%emt 0:00:02]} Qe5 {[%emt 0:01:05]} 21. Qd2 {[%emt 0:01:21]} Rh4 {[%emt 0:01:17]} 22. Qxd6 {[%emt 0:02:10]} Qxd6 {[%emt 0:00:05]} 23. Rxd6 {[%emt 0:00:00]} Bb5 {[%emt 0:00:23]} 24. Rdd2 {[%emt 0:00:30]} Rd8 {[%emt 0:01:22]} 25. Rxd8+ {[%emt 0:00:45]} Kxd8 {[%emt 0:00:03]} 26. a4 {[%emt 0:01:05]} Bxa4 {[%emt 0:00:29]} 27. Rd2+ {[%emt 0:00:03]} Ke7 {[%emt 0:00:08]} 28. Bg4 {[%emt 0:00:07]} b3 {[%emt 0:00:19]} 29. cxb3 {[%emt 0:00:12]} Bxb3 {[%emt 0:00:02]} 0-1